000
00360nam a22001577a 4500
003
MPLRDC
005
20220104144547.0
008
210129b ||||| |||| 00| 0 eng d
082
_a
415.52 OMX
100
_a
不详
245
_a
肠胃细菌知多少
_c
260
_a
_b
OMX INTERNATIONAL
_c
300
_b
平
650
_a
胃病
942
_c
BK
_o
415.52 OMX
999
_c
50807
_d
50797